Normal view
MARC view
- Supervisor: Dr. Arsalan Ahmad
Entry Personal Name
001 - CONTROL NUMBER
- control field: 96801
003 - CONTROL NUMBER IDENTIFIER
- control field: NUST
005 - DATE AND TIME OF LATEST TRANSACTION
- control field: 20220811094446.0
008 - FIXED-LENGTH DATA ELEMENTS
- fixed length control field: 220811|| aca||aabn | a|a d
040 ## - CATALOGING SOURCE
- Original cataloging agency: NUST
- Transcribing agency: NUST
100 ## - HEADING--PERSONAL NAME
- Personal name: Supervisor: Dr. Arsalan Ahmad
670 ## - SOURCE DATA FOUND
- Source citation: Work cat.: (NUST): Fida, Huma 96800, Network slicing in optical fronthaul based Cloud Radio Access Network to support future 5G services /
